000 01246nam a22002897a 4500
001 520
003 BR-RjBN
005 20260520130904.0
008 190101s2019 sp 000 f por d
020 _a9786550970437
040 _bpor
_aBR-IBIA
_cBR-IBIA
_erda
041 1 _apor
_heng
082 _a823
_bA933o
100 1 _aAusten, Jane,
_d1775-1817.
_992
240 1 0 _aPride and Prejudice.
245 1 0 _aOrgulho e preconceito
_b /
_cJane Austen.
260 _aSão Paulo :
_bPrincipis,
_c2019.
300 _a288 p. ;
_c23 cm.
520 _aA obra acompanha a vida das cinco irmãs Bennet, integrantes de uma família da zona rural inglesa no século XVIII. Em uma sociedade patriarcal em que o casamento era essencial para garantir estabilidade e posição social às mulheres, a chegada de um jovem rico e solteiro à vizinhança provoca mudanças e expectativas na família. Com ironia e crítica social, Jane Austen explora temas como orgulho, preconceito, relações familiares, amor e convenções sociais.
650 0 _aLiteratura inglesa.
_989
650 0 _aRomance.
650 0 _aRelacionamentos amorosos.
_91098
650 0 _aCrítica social.
_9514
655 0 _aFicção clássica.
655 0 _aFicção.
_922
942 _2ddc
_n0
_cBK
999 _c520
_d520